000 00371nam a2200133Ia 4500
008 170516s9999 xx 000 0 und d
245 _aIntegrative metabolic engineering
260 _bAIMS Bioengineering
260 _c2015
300 _a:3
650 _xMedical Technology
650 _xMedtech
856 _uhttp://www.aimspress.com/journal/Bioengineering/2015/3.html
999 _c330392
_d330392